International financial statistics 2003 country notes

Salvato in:
Dettagli Bibliografici
Natura: Libro
Lingua:inglese
Pubblicazione: Washington IMF 2003
Soggetti:
Tags: Aggiungi Tag
Nessun Tag, puoi essere il primo ad aggiungerne!!

MARC

LEADER 00000nam$a2200000$$$4500
001 0003333
005 20240315115504.3
020 |a 1-58906-266-3 
041 0 |a eng 
044 |a US 
245 1 0 |a International financial statistics 2003  |b country notes 
264 1 |a Washington  |b IMF  |c 2003 
300 |a 174 s. 
610 2 0 |a Medzinárodný menový fond 
610 2 0 |a financie 
610 2 0 |a bankovníctvo 
610 2 0 |a peňažníctvo 
610 2 0 |a banky 
610 2 0 |a svet 
610 2 0 |a organizácie finančné